MDQL
is popping MORE tags! Check the
thread
!
Quizzes
Events
Quiz Creation
Community
Videos
Private Events
Remove Ads
Sign In
Join for FREE
Feedback
Dark Mode
Quiz Categories
Sports
Geography
Music
Movies
Television
Just For Fun
Miscellaneous
History
Literature
Language
Science
Gaming
Entertainment
Religion
Holiday
For Kids
Quiz Lab
Recent
Popular Today
Quiz Kudos Today
Editor Picks
Curator Picks
Quizzes by...
Day
Popularity
Type
Ratings
Length
Year
Community
Subscriptions
Recent Discussions
Orange Saloon
Badges
Playlists
Quests
Create
Leaderboards
Showdown
Live 5
Trivia Bingo
Activity
Puzzle Library
Sporcle Events
Private Events
Virtual Trivia
Globe League
Become a Host
Pub Owners
SporcleCon
Opinionation
Our Games
Videos
Blog
Mobile Apps
Partnerships
Remove Ads and Go Orange
Feedback
Sports
Athletes
MLB
NBA
NHL
NFL
Soccer
Sports Teams
WWE
NCAA
Football
Premier League
Basketball
Baseball
Hockey
Golf
Tennis
Cricket
Rugby
Auto Racing
Olympics
World Cup
Sports
Athletes
MLB
NBA
NHL
NFL
Soccer
Sports Teams
WWE
NCAA
Football
Premier League
Basketball
Baseball
Hockey
Golf
Tennis
Cricket
Rugby
Auto Racing
Olympics
World Cup
Random Quiz
Search Sporcle
×
Quiz Lab
Quiz Lab
Sports
NFL
Type in answers that appear in a list
Type in answers that appear in a list
Classic
Best Score? Go Orange.
NFL Players by Photo Stats
Can you name the NFL Players by Photo?
By
NHL_LHN
3m
32 Questions
420 Plays
420 Plays
420 Plays
Comments
Comments
Give Quiz Kudos
Give Quiz Kudos
-
- Ratings
hide this ad
Forced Order
Answers have to be entered in order
Answers have to be entered in order
Replay
Link that replays current quiz
Next Quiz
Link to next quiz in quiz playlist
You Got
0%
They Got
Avg Score
52%
Avg Friend Score
Upgrade to see
Score Distribution
Jump to the score distribution portion of the page
Score
0/32
Timer
03:00
0
Plays Today
No.
Name
% Correct
6
Larry Fitzgerald
92.6%
10
Matt Stafford
88.8%
5
Mark Sanchez
86.7%
14
Michael Vick
79.5%
18
Frank Gore
75.2%
2
Roddy White
73.8%
19
Matt Schaub
69.8%
15
Wes Welker
68.8%
3
B.J. Raji
68.3%
12
Peyton Hillis
66.4%
22
Maurice Jones-Drew
65%
16
Josh Freeman
62.4%
20
Anquan Boldin
59.3%
29
Steve Smith
56.7%
26
Steven Jackson
53.1%
21
Chad Henne
51.4%
No.
Name
% Correct
8
Joseph Addai
47.6%
30
Dez Bryant
44.5%
7
Willis McGahee
44.3%
1
Stevie Johnson
44%
9
Rashard Mendenhall
42.1%
28
Chris Cooley
41.9%
25
Pierre Thomas
40.7%
24
Ryan Mathews
40%
32
Matt Forte
39%
27
Ahmad Bradshaw
38.8%
17
Kenny Britt
36.7%
23
Dexter McCluster
26%
11
Visanthe Shiancoe
24%
4
Jermaine Gresham
23.6%
31
Zach Miller
17.9%
13
Jacoby Ford
16.2%
Quiz Playlist
Details
Report
Send in Message
Add To Playlist
Classic:
Type in answers that appear in a list
Forced Order:
Answers have to be entered in order
Quiz Source
Last Updated: Feb 16, 2017
Quiz Scoreboard
CHALLENGE
Sign Up to Join the Scoreboard
Show All
Scores
Hide
Comments
May contain spoilers
Recently Published
Find the 'City' Movie
by crazypaving
Movies
60s
5x2 Blitz: Bands
by SL_Kpop136
Music
30s
Colored Red Africa Blitz
by spor1
Geography
30s
More to Explore
Quiz From the Vault
Featured Blog Post
14 Easter Pick-up Lines to Find Eggs With
hide this ad
You Might Also Like...
Tags
NFL Quiz
Image Quiz
Player
team
Today's Top Quizzes in Sports
Browse Sports
hide this ad
Today's Top Quizzes in NFL
Browse NFL
Top Contributed Quizzes in Sports
1
Les entraîneurs de l'OM et du PSG au 21e siècle
2
Les meilleurs buteurs des matchs entre le PSG et l’OM
3
Players with Multiple 50 Home Run Seasons
4
2022 World Cup Stars
5
Les joueurs passés par le PSG et l'OM
6
NBA Logic Puzzle 2.0
7
Criteria MLB: Left Handed Sluggers
8
MLB Players with Two .350 Batting Average Seasons
9
Top 10 NHL Goal Scorers of All Time
10
Who Hit More Homers?
Explore More
Trending Topics
Disney
NBA
Crossword
Harry Potter
Anime
Marvel
Kpop
The Office
NFL
Pokémon
WWE
Country
Puzzle
Soccer
Song
hide this ad
More By:
NHL_LHN
Quiz
Plays
Rating
Category
Featured
Created
Football - Legendary XI's 1990-present (Soccer)
9,030
4.24
Sports
Sep 12, 2011
Top Premier League Goal Scoring Trios by Year
5,352
5.00
Sports
Mar 10, 2016
NHL - Most Points by Name I
4,509
4.23
Sports
Apr 9, 2013
NHL - Last Fives Grab Bag
4,147
4.32
Sports
Jan 9, 2013
NHL - Best Single Season Save % by Team
3,075
4.21
Sports
Apr 30, 2012
Go to Creator's Profile
Score Distribution
Quiz Creator Spotlight
NHL_LHN
Follow
Send a Message
Quizzes Created
-
Created Quiz Play Count
-
More By This Creator
Popular Quizzes Today
1
Colored Red Africa Blitz
2
Find the 'City' Movie
3
Find the US States - No Outlines Minefield
4
5x2 Blitz: Bands
5
The Countries of the World
6
Find the US States
7
Find the Countries of Europe - No Outlines Minefield
8
US States
More Sports Quizzes
Alphabetised Anagrams: MLB Teams
Curator's Pick
Trending Quizzes
Colored Red Europe Blitz I
Colored Red Europe Blitz II
Colored Red Africa Blitz II
Colored Red Europe Blitz III
Colored Red Africa Blitz III
Recently Updated
How Do You Spell That?
pecheneg
Godzilla Movies
pecheneg
Grab Bag: 4-10 Letters
pecheneg
2024 March Madness Bracket
pecheneg
Famous TV Couples
Peacemaker
Champions League XIs: Real Madrid
pecheneg
Largest US Cities 1790-2010
pecheneg
Rides in Walt Disney World
pecheneg
Most Oscar Losses (Acting)
pecheneg
Beyoncé Albums
pecheneg
Trending Topics
Harry Potter
Kpop
Crossword
Anime
Disney
Marvel
NBA
Puzzle
Pokémon
WWE
NFL
Song
Soccer
Country
The Office
Your Account Isn't Verified!
In order to create a playlist on Sporcle, you need to verify the email address you used during registration. Go to your
Sporcle Settings
to finish the process.
Report this User
Report this user for behavior that violates our
Community Guidelines
.
Details:
Send Report
Go to the Sporcle.com Mobile Site →
Comments